Computational learning theory and natural learning systems / (Record no. 21416)

MARC details
000 -LEADER
fixed length control field 01254cam a2200313 a 4500
001 - CONTROL NUMBER
control field 635849
003 - CONTROL NUMBER IDENTIFIER
control field MUT
005 - DATE AND TIME OF LATEST TRANSACTION
control field 20240606081538.0
008 - FIXED-LENGTH DATA ELEMENTS--GENERAL INFORMATION
fixed length control field 930825m19949999maua b 101 0 eng
010 ## - LIBRARY OF CONGRESS CONTROL NUMBER
LC control number 93034468
020 ## - INTERNATIONAL STANDARD BOOK NUMBER
International Standard Book Number 0262581264 (v. l)
040 ## - CATALOGING SOURCE
Original cataloging agency DLC
Transcribing agency MUT
Modifying agency DLC
050 00 - LIBRARY OF CONGRESS CALL NUMBER
Classification number Q325.5
Item number .C65 1994
082 00 - DEWEY DECIMAL CLASSIFICATION NUMBER
Classification number 006.3/1
Edition information 20
245 00 - TITLE STATEMENT
Title Computational learning theory and natural learning systems /
260 ## - PUBLICATION, DISTRIBUTION, ETC.
Place of publication, distribution, etc. Cambridge, Mass. :
Name of publisher, distributor, etc. MIT Press,
Date of publication, distribution, etc. c1994-<c1997 >
300 ## - PHYSICAL DESCRIPTION
Extent v. <1-4 > :
Other physical details ill. ;
Dimensions 23 cm.
500 ## - GENERAL NOTE
General note "A Bradford Book."
500 ## - GENERAL NOTE
General note Editors vary.
504 ## - BIBLIOGRAPHY, ETC. NOTE
Bibliography, etc. note Includes bibliographical references and indexes.
505 1# - FORMATTED CONTENTS NOTE
Formatted contents note v. l. Constraints and prospects -- v. 2. Intersections between theory and experiment -- v. 3. Selecting good models -- v. 4. Making learning systems practical.
650 #0 - SUBJECT ADDED ENTRY--TOPICAL TERM
Topical term or geographic name entry element Computational learning theory
General subdivision Congresses.
700 1# - ADDED ENTRY--PERSONAL NAME
Personal name Hanson, Stephen José.
700 1# - ADDED ENTRY--PERSONAL NAME
Personal name Drastal, George A.
700 1# - ADDED ENTRY--PERSONAL NAME
Personal name Rivest, Ronald L.
906 ## - LOCAL DATA ELEMENT F, LDF (RLIN)
a 7
b cbc
c orignew
d 1
e ocip
f 19
g y-gencatlg
942 ## - ADDED ENTRY ELEMENTS (KOHA)
Source of classification or shelving scheme Library of Congress Classification
Koha item type Books
Holdings
Withdrawn status Lost status Source of classification or shelving scheme Damaged status Not for loan Home library Current library Shelving location Date acquired Source of acquisition Serial enumeration / chronology Total checkouts Full call number Barcode Date last seen Price effective from Koha item type
    Library of Congress Classification     Murang'a University of Technology Library Murang'a University of Technology Library General stacks 08/03/2022 Donation TFC Vol 1   Q325.5 .C65 1994 029919 30/08/2024 08/03/2022 Books